[Event "Titled Tuesday intern op 03rd Jan Late"]
[Site "Chess.com INT"]
[Date "2025.06.03"]
[Round "1"]
[White "Tang, Andrew"]
[Black "Ferreira, Vitor Hugo Vieira"]
[Result "1-0"]
[WhiteElo "2529"]
[BlackElo "2128"]
[PlyCount "41"]
[EventDate "2025.06.03"]
[EventType "swiss (blitz)"]
[EventRounds "11"]
[EventCountry "USA"]
[SourceTitle "CB24_2025"]
[SourceDate "2025.06.11"]
[SourceVersion "1"]
[SourceVersionDate "2025.06.11"]
[SourceQuality "1"]

1. d4 d5 2. Bf4 c5 3. e4 e6 4. Nc3 Nf6 5. Nb5 Na6 6. e5 Nd7 7. Nf3 Be7 8. c3 Nc7 9. Nd6+ Bxd6 10. exd6 Na6 11. Bd3 h6 12. Qd2 Nab8 13. 0-0 Nc6 14. Rfe1 Qf6 15. Rad1 0-0 16. Bb1 Re8 17. Ne5 cxd4 18. cxd4 Nf8 19. Qe3 Bd7 20. Qg3 Rad8 21. Ng4 1-0

[Event "Titled Tuesday intern op 03rd Jan Late"]
[Site "Chess.com INT"]
[Date "2025.06.03"]
[Round "7"]
[White "Tang, Andrew"]
[Black "Gustafsson, Jan"]
[Result "1-0"]
[WhiteElo "2529"]
[BlackElo "2591"]
[PlyCount "29"]
[EventDate "2025.06.03"]
[EventType "swiss (blitz)"]
[EventRounds "11"]
[EventCountry "USA"]
[SourceTitle "CB24_2025"]
[SourceDate "2025.06.11"]
[SourceVersion "1"]
[SourceVersionDate "2025.06.11"]
[SourceQuality "1"]

1. d4 d5 2. Bf4 c5 3. e4 cxd4 4. Qxd4 Nf6 5. Nc3 Nc6 6. Qa4 dxe4 7. Nb5 e5 8. Bxe5 Nxe5 9. Nc7+ Ke7 10. Nxa8 Bd7 11. Qxa7 g6 12. Rd1 Bh6 13. Qc5+ Ke6 14. Ne2 Qxa8 15. Nd4# 1-0

[Event "Titled Tuesday intern op 01st Apr Late"]
[Site "Chess.com INT"]
[Date "2025.04.01"]
[Round "1"]
[White "Asish, Panda"]
[Black "Tang, Andrew"]
[Result "0-1"]
[WhiteElo "1911"]
[BlackElo "2529"]
[PlyCount "62"]
[EventDate "2025.04.01"]
[EventType "swiss (blitz)"]
[EventRounds "11"]
[EventCountry "USA"]
[SourceTitle "CB15_2025"]
[SourceDate "2025.04.09"]
[SourceVersion "1"]
[SourceVersionDate "2025.04.09"]
[SourceQuality "1"]

1. e4 e5 2. Nf3 Nc6 3. Bc4 Bc5 4. c3 Nf6 5. d3 a6 6. Nbd2 Ba7 7. Nf1 d5 8. exd5 Nxd5 9. Ng3 0-0 10. Bb3 Re8 11. 0-0 h6 12. Re1 Be6 13. Bc2 Qd6 14. Nh4 Bd7 15. Nhf5 Qf6 16. Qf3 Be6 17. a3 Rad8 18. c4 Nf4 19. Bxf4 exf4 20. Qxf4 Nd4 21. Ba4 b5 22. Qxc7 Bb8 23. Qb7 Nxf5 24. cxb5 axb5 25. Bxb5 Nd6 26. Qa6 Nxb5 27. Qxb5 Ba7 28. Re2 Rb8 29. Qa4 Bb6 30. Rae1 Red8 31. Ne4 Qd4 0-1

[Event "Titled Tuesday intern op 01st Apr Late"]
[Site "Chess.com INT"]
[Date "2025.04.01"]
[Round "6"]
[White "Le, Quang Liem"]
[Black "Tang, Andrew"]
[Result "1-0"]
[WhiteElo "2729"]
[BlackElo "2529"]
[PlyCount "48"]
[EventDate "2025.04.01"]
[EventType "swiss (blitz)"]
[EventRounds "11"]
[EventCountry "USA"]
[SourceTitle "CB21_2025"]
[SourceDate "2025.05.21"]
[SourceVersion "1"]
[SourceVersionDate "2025.05.21"]
[SourceQuality "1"]

1. Nf3 d5 2. e3 Nf6 3. c4 e6 4. b3 b6 5. Bb2 Bb7 6. Nc3 Nbd7 7. Rc1 a6 8. cxd5 exd5 9. Ne2 Bd6 10. g3 0-0 11. Bg2 Re8 12. 0-0 Rc8 13. Nf4 c5 14. d4 c4 15. Ne5 b5 16. bxc4 bxc4 17. Rb1 Qc7 18. Nxd7 Nxd7 19. Nxd5 Bxd5 20. Bxd5 c3 21. Rc1 Qa5 22. Qh5 Bb4 23. Bxf7+ Kf8 24. Bxe8 Rxe8 1-0

[Event "Titled Tuesday intern op 01st Apr Early"]
[Site "Chess.com INT"]
[Date "2025.04.01"]
[Round "8"]
[White "Tang, Andrew"]
[Black "Moroni, Luca Jr"]
[Result "1-0"]
[WhiteElo "2529"]
[BlackElo "2555"]
[PlyCount "55"]
[EventDate "2025.04.01"]
[EventType "swiss (blitz)"]
[EventRounds "11"]
[EventCountry "USA"]
[SourceTitle "CB15_2025"]
[SourceDate "2025.04.09"]
[SourceVersion "1"]
[SourceVersionDate "2025.04.09"]
[SourceQuality "1"]

1. d4 g6 2. c4 Bg7 3. Nc3 d6 4. e4 c5 5. d5 Bxc3+ 6. bxc3 e5 7. h4 Qe7 8. g3 Kd8 9. Bh3 Bxh3 10. Nxh3 Kc7 11. Rb1 Nd7 12. Qb3 Nb6 13. a4 Rb8 14. a5 Nc8 15. Be3 h6 16. 0-0 f5 17. Rb2 Nf6 18. Rfb1 Qe8 19. exf5 gxf5 20. Qc2 Qd7 21. Kg2 Rg8 22. Bxh6 f4 23. Ng5 Qg4 24. Ne6+ Kd7 25. Rxb7+ Rxb7 26. Rxb7+ Ke8 27. Qa4+ Nd7 28. Qxd7# 1-0

[Event "Titled Tuesday intern op 25th Mar Early"]
[Site "Chess.com INT"]
[Date "2025.03.25"]
[Round "5"]
[White "Kozganbay, Erkin"]
[Black "Tang, Andrew"]
[Result "0-1"]
[WhiteElo "2260"]
[BlackElo "2529"]
[PlyCount "128"]
[EventDate "2025.03.25"]
[EventType "swiss (blitz)"]
[EventRounds "11"]
[EventCountry "USA"]
[SourceTitle "CB14_2025"]
[SourceDate "2024.11.01"]
[SourceVersion "1"]
[SourceVersionDate "2024.11.01"]
[SourceQuality "1"]

1. e4 e5 2. Nf3 Nc6 3. Bb5 g6 4. d4 exd4 5. c3 a6 6. Ba4 Bg7 7. cxd4 b5 8. Bc2 d6 9. h3 Nf6 10. Nc3 0-0 11. 0-0 Re8 12. Re1 Bb7 13. a3 Na5 14. d5 c6 15. dxc6 Bxc6 16. Bf4 Nc4 17. b3 Ne5 18. Nd4 Bb7 19. Qd2 Rc8 20. Rad1 Qc7 21. Nb1 Nfd7 22. Rc1 Qd8 23. Nc3 Nc5 24. Nd5 Bxd5 25. exd5 Qf6 26. Bg5 Nc4 27. Bxf6 Nxd2 28. Bxg7 Kxg7 29. b4 Nd7 30. Nc6 Nb6 31. Red1 Ndc4 32. Bb3 Nxa3 33. Ra1 Nbc4 34. Bxc4 Nxc4 35. Rxa6 Re2 36. Nd4 Rb8 37. Rc1 Rb2 38. Nxb5 Rxb5 39. Rxc4 Rxd5 40. Rf4 f5 41. Ra7+ Kf6 42. Rxh7 Rd1+ 43. Kh2 d5 44. Rd7 g5 45. Rf3 Rbb1 46. Kg3 Rxb4 47. Rd8 f4+ 48. Kg4 Rg1 49. h4 Rxg2+ 50. Kh3 Rg1 51. hxg5+ Rxg5 52. Rd6+ Ke5 53. Rh6 Rb1 54. Kh4 Rg8 55. Rh5+ Ke4 56. Rh3 d4 57. f3+ Ke3 58. Re5+ Kf2 59. Re4 Rh8+ 60. Kg4 Rg1+ 61. Kxf4 Rxh3 62. Rxd4 Rh4+ 63. Ke5 Rxd4 64. Kxd4 Kxf3 0-1

[Event "Titled Tuesday intern op 11th Mar Early"]
[Site "Chess.com INT"]
[Date "2025.03.11"]
[Round "1"]
[White "Tang, Andrew"]
[Black "Chakrabarty, Reyaansh"]
[Result "1-0"]
[WhiteElo "2529"]
[BlackElo "2181"]
[PlyCount "57"]
[EventDate "2025.03.11"]
[EventType "swiss (blitz)"]
[EventRounds "11"]
[EventCountry "USA"]
[SourceTitle "CB12_2025"]
[SourceDate "2025.03.19"]
[SourceVersion "1"]
[SourceVersionDate "2025.03.19"]
[SourceQuality "1"]

1. d4 d5 2. Bf4 c5 3. e4 dxe4 4. d5 Nf6 5. Nc3 a6 6. Qe2 Bf5 7. 0-0-0 g6 8. h3 h5 9. f3 exf3 10. Nxf3 Bg7 11. g3 0-0 12. Bg2 b5 13. g4 hxg4 14. hxg4 Bxg4 15. Ne4 Nbd7 16. Rh4 Bh5 17. Ng3 Qa5 18. Kb1 c4 19. Bh3 Nc5 20. Rg1 Qb4 21. c3 Bxf3 22. Qxf3 Qa5 23. Nf5 Ra7 24. Nxg7 Kxg7 25. Bh6+ Kg8 26. Bxf8 Kxf8 27. Qf4 Ncd7 28. Rh8+ Ng8 29. Qh6+ 1-0

[Event "Titled Tuesday intern op 11th Mar Early"]
[Site "Chess.com INT"]
[Date "2025.03.11"]
[Round "5"]
[White "Tang, Andrew"]
[Black "Miladinovic, Igor"]
[Result "1-0"]
[WhiteElo "2529"]
[BlackElo "2501"]
[PlyCount "105"]
[EventDate "2025.03.11"]
[EventType "swiss (blitz)"]
[EventRounds "11"]
[EventCountry "USA"]
[SourceTitle "CB12_2025"]
[SourceDate "2025.03.19"]
[SourceVersion "1"]
[SourceVersionDate "2025.03.19"]
[SourceQuality "1"]

1. d4 d5 2. Nf3 Bf5 3. Bf4 e6 4. c4 Nc6 5. Qb3 Na5 6. Qa4+ c6 7. c5 b5 8. Qd1 f6 9. Nbd2 g5 10. Bg3 h5 11. h3 Nc4 12. b3 Nxd2 13. Nxd2 h4 14. Bh2 e5 15. e3 exd4 16. exd4 Qe7+ 17. Be2 Bd3 18. a4 Rh7 19. axb5 Bxb5 20. Nf1 Qxe2+ 21. Qxe2+ Bxe2 22. Kxe2 Rb7 23. Ra3 Kd7 24. Ne3 Ne7 25. Rha1 Nc8 26. Kd3 Be7 27. Kc3 Bd8 28. Ra6 Bc7 29. Bxc7 Kxc7 30. Nf5 Rab8 31. R1a3 Kd7 32. g3 hxg3 33. fxg3 Rc7 34. h4 gxh4 35. gxh4 Ke6 36. Ne3 Rbb7 37. Ra1 Ne7 38. Re1 Kf7 39. h5 Rb8 40. Ng2 Rcb7 41. Ra3 Rg8 42. Nf4 Rg3+ 43. Kc2 Nf5 44. Ne6 Re7 45. Nd8+ Ke8 46. Rxe7+ Nxe7 47. Ne6 Rh3 48. Rxa7 Kf7 49. Nd8+ Ke8 50. Ne6 Kf7 51. Nf4 Ke8 52. Rxe7+ Kxe7 53. Nxh3 1-0